ARRUPE JESUIT UNIVERSITY

CORONAVIRUS -STOP THE SPREAD - CLEAN,DISINFECT,COVER

Reclaiming Dietrich Bonhoeffer : (Record no. 130683)

MARC details
000 -LEADER
fixed length control field 01096cam a2200277 a 4500
001 - CONTROL NUMBER
control field 3469882
003 - CONTROL NUMBER IDENTIFIER
control field ARRUPE
005 - DATE AND TIME OF LATEST TRANSACTION
control field 20211005101826.0
008 - FIXED-LENGTH DATA ELEMENTS--GENERAL INFORMATION
fixed length control field 930721s1994 nyu b 001 0 eng
010 ## - LIBRARY OF CONGRESS CONTROL NUMBER
LC control number 93030806
020 ## - INTERNATIONAL STANDARD BOOK NUMBER
International Standard Book Number 0195087232 (alk. paper)
040 ## - CATALOGING SOURCE
Original cataloging agency DLC
Transcribing agency DLC
Modifying agency DLC
050 00 - LIBRARY OF CONGRESS CALL NUMBER
Classification number BX4827.B57
Item number M35 1994
082 00 - DEWEY DECIMAL CLASSIFICATION NUMBER
Classification number 230/.044/092
Edition number 20
300 ## - PHYSICAL DESCRIPTION
Dimensions 25 cm.
100 1# - MAIN ENTRY--PERSONAL NAME
Personal name Marsh, Charles,
Dates associated with a name 1958-
9 (RLIN) 50291
245 10 - TITLE STATEMENT
Title Reclaiming Dietrich Bonhoeffer :
Remainder of title the promise of his theology /
Statement of responsibility, etc Charles Marsh.
260 ## - PUBLICATION, DISTRIBUTION, ETC. (IMPRINT)
Place of publication, distribution, etc New York :
Name of publisher, distributor, etc Oxford University Press,
Date of publication, distribution, etc 1994.
300 ## - PHYSICAL DESCRIPTION
Extent xvi, 195 p. ;
504 ## - BIBLIOGRAPHY, ETC. NOTE
Bibliography, etc Includes bibliographical references (p. 159-189) and index.
600 10 - SUBJECT ADDED ENTRY--PERSONAL NAME
Personal name Bonhoeffer, Dietrich,
Dates associated with a name 1906-1945.
9 (RLIN) 13513
650 #0 - SUBJECT ADDED ENTRY--TOPICAL TERM
Topical term or geographic name as entry element Theology, Doctrinal
General subdivision History
Chronological subdivision 20th century.
9 (RLIN) 925
856 42 - ELECTRONIC LOCATION AND ACCESS
Materials specified Publisher description
Uniform Resource Identifier <a href="http://www.loc.gov/catdir/enhancements/fy0637/93030806-d.html">http://www.loc.gov/catdir/enhancements/fy0637/93030806-d.html</a>
906 ## - LOCAL DATA ELEMENT F, LDF (RLIN)
a 7
b cbu
c orignew
d 1
e ocip
f 19
g y-gencatlg
942 ## - ADDED ENTRY ELEMENTS (KOHA)
Source of classification or shelving scheme Library of Congress Classification
Koha item type Monograph ( Printed materials)
Holdings
Withdrawn status Lost status Source of classification or shelving scheme Damaged status Not for loan Collection code Home library Current library Shelving location Date acquired Total Checkouts Full call number Barcode Date last seen Price effective from Koha item type
    Library of Congress Classification     Main Collection ARRUPE LIBRARY ARRUPE LIBRARY Main Collection 05/10/2021   BX4827.B57 M35 1994 46600007765 05/10/2021 05/10/2021 Monograph ( Printed materials)

 

Arrupe Library. PO Box MP320 Mt Pleasant, Harare, Zimbabwe
263 242 745411|librarian@aju.ac.zw